Lípidos y lipoproteínas - Estadísticas

Estadísticas generales
  • Esta prueba ha sido intentada 9 veces
  • La puntuación promedio es 9 de 21
Estadísticas de respuestas
Respuesta % Correcto
HDL
100%
LDL
100%
Quilomicrón
100%
VLDL
75%
IDL
50%
Prostaglandinas
50%
Tromboxanos
50%
Vitamina A
50%
Vitamina D
50%
Vitamina E
50%
Vitamina K
50%
Cerebrósidos
25%
Céridos
25%
Esteroles
25%
Gangliósidos
25%
Hormonas esteroideas
25%
Leucotrienos
25%
Acidos biliares
0%
Esfingomielinas
0%
Glicéridolipidos
0%
Glicéridos
0%
No se encontraron pruebas coincidentes
Distribución de puntuación
Porcentaje de gente con cada puntuación
Porcentaje por número respondido
Historial de tus puntuaciones
No has intentado esta prueba.